<?xml version="1.0" encoding="UTF-8"?>
<record
    xmlns:xsi="http://www.w3.org/2001/XMLSchema-instance"
    xsi:schemaLocation="http://www.loc.gov/MARC21/slim http://www.loc.gov/standards/marcxml/schema/MARC21slim.xsd"
    xmlns="http://www.loc.gov/MARC21/slim">

  <leader>00613nam a22002177a 4500</leader>
  <controlfield tag="005">20240229150944.0</controlfield>
  <controlfield tag="008">240229b           ||||| |||| 00| 0 eng d</controlfield>
  <datafield tag="020" ind1=" " ind2=" ">
    <subfield code="a">9789358492002</subfield>
  </datafield>
  <datafield tag="040" ind1=" " ind2=" ">
    <subfield code="a">IN-DiNC</subfield>
    <subfield code="c">IN-DiNC</subfield>
  </datafield>
  <datafield tag="041" ind1=" " ind2=" ">
    <subfield code="d">eng</subfield>
  </datafield>
  <datafield tag="082" ind1=" " ind2=" ">
    <subfield code="a">333.7</subfield>
    <subfield code="b">CHU</subfield>
  </datafield>
  <datafield tag="100" ind1=" " ind2=" ">
    <subfield code="a">Chutia, Jayanta</subfield>
    <subfield code="e">author</subfield>
  </datafield>
  <datafield tag="245" ind1=" " ind2=" ">
    <subfield code="a">Environmental and Yoga (VAC 3 and VAC4)/</subfield>
    <subfield code="c">by Jayanta Chutia and Rashmi Sikha Bora</subfield>
  </datafield>
  <datafield tag="250" ind1=" " ind2=" ">
    <subfield code="a">1st ed.</subfield>
  </datafield>
  <datafield tag="260" ind1=" " ind2=" ">
    <subfield code="a">Dibrugarh:</subfield>
    <subfield code="b">Banalata,</subfield>
    <subfield code="c">2024.</subfield>
  </datafield>
  <datafield tag="300" ind1=" " ind2=" ">
    <subfield code="a">232p.</subfield>
  </datafield>
  <datafield tag="650" ind1=" " ind2=" ">
    <subfield code="a">Environmental studies</subfield>
  </datafield>
  <datafield tag="650" ind1=" " ind2=" ">
    <subfield code="a">Yogic practices</subfield>
  </datafield>
  <datafield tag="700" ind1=" " ind2=" ">
    <subfield code="a">Bora, Rashmi Sikha</subfield>
    <subfield code="e">author</subfield>
  </datafield>
  <datafield tag="942" ind1=" " ind2=" ">
    <subfield code="2">ddc</subfield>
    <subfield code="c">BK</subfield>
  </datafield>
  <datafield tag="999" ind1=" " ind2=" ">
    <subfield code="c">11775</subfield>
    <subfield code="d">11775</subfield>
  </datafield>
  <datafield tag="952" ind1=" " ind2=" ">
    <subfield code="0">0</subfield>
    <subfield code="1">0</subfield>
    <subfield code="2">ddc</subfield>
    <subfield code="4">0</subfield>
    <subfield code="7">0</subfield>
    <subfield code="8">GEN</subfield>
    <subfield code="a">MAIN</subfield>
    <subfield code="b">MAIN</subfield>
    <subfield code="c">GEN</subfield>
    <subfield code="d">2024-02-29</subfield>
    <subfield code="g">300.00</subfield>
    <subfield code="l">11</subfield>
    <subfield code="o">333.7 CHU</subfield>
    <subfield code="p">29890</subfield>
    <subfield code="r">2026-03-10 06:34:07</subfield>
    <subfield code="s">2026-02-25</subfield>
    <subfield code="t">1</subfield>
    <subfield code="w">2024-02-29</subfield>
    <subfield code="y">BK</subfield>
  </datafield>
  <datafield tag="952" ind1=" " ind2=" ">
    <subfield code="0">0</subfield>
    <subfield code="1">0</subfield>
    <subfield code="2">ddc</subfield>
    <subfield code="4">0</subfield>
    <subfield code="7">0</subfield>
    <subfield code="8">GEN</subfield>
    <subfield code="a">MAIN</subfield>
    <subfield code="b">MAIN</subfield>
    <subfield code="c">GEN</subfield>
    <subfield code="d">2024-02-29</subfield>
    <subfield code="g">300.00</subfield>
    <subfield code="l">10</subfield>
    <subfield code="o">333.7 CHU</subfield>
    <subfield code="p">29891</subfield>
    <subfield code="q">2026-04-25</subfield>
    <subfield code="r">2026-04-01 06:20:19</subfield>
    <subfield code="s">2026-04-01</subfield>
    <subfield code="t">2</subfield>
    <subfield code="w">2024-02-29</subfield>
    <subfield code="y">BK</subfield>
  </datafield>
  <datafield tag="952" ind1=" " ind2=" ">
    <subfield code="0">0</subfield>
    <subfield code="1">0</subfield>
    <subfield code="2">ddc</subfield>
    <subfield code="4">0</subfield>
    <subfield code="7">0</subfield>
    <subfield code="8">GEN</subfield>
    <subfield code="a">MAIN</subfield>
    <subfield code="b">MAIN</subfield>
    <subfield code="c">GEN</subfield>
    <subfield code="d">2024-02-29</subfield>
    <subfield code="g">300.00</subfield>
    <subfield code="l">10</subfield>
    <subfield code="o">333.7 CHU</subfield>
    <subfield code="p">29892</subfield>
    <subfield code="r">2026-05-12 05:51:26</subfield>
    <subfield code="s">2026-04-23</subfield>
    <subfield code="t">3</subfield>
    <subfield code="w">2024-02-29</subfield>
    <subfield code="y">BK</subfield>
  </datafield>
  <datafield tag="952" ind1=" " ind2=" ">
    <subfield code="0">0</subfield>
    <subfield code="1">0</subfield>
    <subfield code="2">ddc</subfield>
    <subfield code="4">0</subfield>
    <subfield code="7">0</subfield>
    <subfield code="8">GEN</subfield>
    <subfield code="a">MAIN</subfield>
    <subfield code="b">MAIN</subfield>
    <subfield code="c">GEN</subfield>
    <subfield code="d">2024-02-29</subfield>
    <subfield code="g">300.00</subfield>
    <subfield code="l">11</subfield>
    <subfield code="o">333.7 CHU</subfield>
    <subfield code="p">29893</subfield>
    <subfield code="q">2026-05-11</subfield>
    <subfield code="r">2026-04-22 10:01:09</subfield>
    <subfield code="s">2026-04-22</subfield>
    <subfield code="t">4</subfield>
    <subfield code="w">2024-02-29</subfield>
    <subfield code="y">BK</subfield>
  </datafield>
  <datafield tag="952" ind1=" " ind2=" ">
    <subfield code="0">0</subfield>
    <subfield code="1">0</subfield>
    <subfield code="2">ddc</subfield>
    <subfield code="4">0</subfield>
    <subfield code="7">0</subfield>
    <subfield code="8">GEN</subfield>
    <subfield code="a">MAIN</subfield>
    <subfield code="b">MAIN</subfield>
    <subfield code="c">GEN</subfield>
    <subfield code="d">2024-02-29</subfield>
    <subfield code="g">300.00</subfield>
    <subfield code="l">8</subfield>
    <subfield code="o">333.7 CHU</subfield>
    <subfield code="p">29894</subfield>
    <subfield code="r">2026-03-10 06:56:25</subfield>
    <subfield code="s">2026-02-19</subfield>
    <subfield code="t">5</subfield>
    <subfield code="w">2024-02-29</subfield>
    <subfield code="y">BK</subfield>
  </datafield>
  <datafield tag="952" ind1=" " ind2=" ">
    <subfield code="0">0</subfield>
    <subfield code="1">0</subfield>
    <subfield code="2">ddc</subfield>
    <subfield code="4">0</subfield>
    <subfield code="7">0</subfield>
    <subfield code="8">GEN</subfield>
    <subfield code="a">MAIN</subfield>
    <subfield code="b">MAIN</subfield>
    <subfield code="c">GEN</subfield>
    <subfield code="d">2024-02-29</subfield>
    <subfield code="g">300.00</subfield>
    <subfield code="l">11</subfield>
    <subfield code="o">333.7 CHU</subfield>
    <subfield code="p">29895</subfield>
    <subfield code="q">2026-05-22</subfield>
    <subfield code="r">2026-05-05 07:50:44</subfield>
    <subfield code="s">2026-05-05</subfield>
    <subfield code="t">6</subfield>
    <subfield code="w">2024-02-29</subfield>
    <subfield code="y">BK</subfield>
  </datafield>
  <datafield tag="952" ind1=" " ind2=" ">
    <subfield code="0">0</subfield>
    <subfield code="1">0</subfield>
    <subfield code="2">ddc</subfield>
    <subfield code="4">0</subfield>
    <subfield code="7">0</subfield>
    <subfield code="8">GEN</subfield>
    <subfield code="a">MAIN</subfield>
    <subfield code="b">MAIN</subfield>
    <subfield code="c">GEN</subfield>
    <subfield code="d">2024-02-29</subfield>
    <subfield code="g">300.00</subfield>
    <subfield code="l">12</subfield>
    <subfield code="o">333.7 CHU</subfield>
    <subfield code="p">29896</subfield>
    <subfield code="q">2026-05-09</subfield>
    <subfield code="r">2026-04-20 07:50:07</subfield>
    <subfield code="s">2026-04-20</subfield>
    <subfield code="t">7</subfield>
    <subfield code="w">2024-02-29</subfield>
    <subfield code="y">BK</subfield>
  </datafield>
  <datafield tag="952" ind1=" " ind2=" ">
    <subfield code="0">0</subfield>
    <subfield code="1">0</subfield>
    <subfield code="2">ddc</subfield>
    <subfield code="4">0</subfield>
    <subfield code="7">0</subfield>
    <subfield code="8">GEN</subfield>
    <subfield code="a">MAIN</subfield>
    <subfield code="b">MAIN</subfield>
    <subfield code="c">GEN</subfield>
    <subfield code="d">2024-02-29</subfield>
    <subfield code="g">300.00</subfield>
    <subfield code="l">7</subfield>
    <subfield code="o">333.7 CHU</subfield>
    <subfield code="p">29897</subfield>
    <subfield code="q">2026-03-11</subfield>
    <subfield code="r">2026-02-20 10:03:00</subfield>
    <subfield code="s">2026-02-20</subfield>
    <subfield code="t">8</subfield>
    <subfield code="w">2024-02-29</subfield>
    <subfield code="y">BK</subfield>
  </datafield>
  <datafield tag="952" ind1=" " ind2=" ">
    <subfield code="0">0</subfield>
    <subfield code="1">0</subfield>
    <subfield code="2">ddc</subfield>
    <subfield code="4">0</subfield>
    <subfield code="7">0</subfield>
    <subfield code="8">GEN</subfield>
    <subfield code="a">MAIN</subfield>
    <subfield code="b">MAIN</subfield>
    <subfield code="c">GEN</subfield>
    <subfield code="d">2024-02-29</subfield>
    <subfield code="g">300.00</subfield>
    <subfield code="l">10</subfield>
    <subfield code="o">333.7 CHU</subfield>
    <subfield code="p">29898</subfield>
    <subfield code="r">2026-05-12 05:51:19</subfield>
    <subfield code="s">2026-04-23</subfield>
    <subfield code="t">9</subfield>
    <subfield code="w">2024-02-29</subfield>
    <subfield code="y">BK</subfield>
  </datafield>
  <datafield tag="952" ind1=" " ind2=" ">
    <subfield code="0">0</subfield>
    <subfield code="1">0</subfield>
    <subfield code="2">ddc</subfield>
    <subfield code="4">0</subfield>
    <subfield code="7">0</subfield>
    <subfield code="8">GEN</subfield>
    <subfield code="a">MAIN</subfield>
    <subfield code="b">MAIN</subfield>
    <subfield code="c">GEN</subfield>
    <subfield code="d">2024-02-29</subfield>
    <subfield code="g">300.00</subfield>
    <subfield code="l">13</subfield>
    <subfield code="o">333.7 CHU</subfield>
    <subfield code="p">29899</subfield>
    <subfield code="r">2026-05-12 07:14:01</subfield>
    <subfield code="s">2026-04-24</subfield>
    <subfield code="t">10</subfield>
    <subfield code="w">2024-02-29</subfield>
    <subfield code="y">BK</subfield>
  </datafield>
</record>
